Statistics for 2018 AFL Top 10 Goalkickers

Click here to take the quiz!

General Stats

  • This quiz has been taken 220 times
  • The average score is 5 of 10

Answer Stats

GoalsPlayer% Correct
65Jack Riewoldt
87%
57Lance Franklin
87%
60Tom Hawkins
80%
61Ben Brown
63%
54Luke Breust
47%
48Jack Gunston
44%
49Tom Mcdonald
28%
47Jesse Hogan
22%
46Josh Jenkins
15%
46Josh Caddy
10%

Score Distribution

Percentile by Number Answered

Percent of People with Each Score

Your Score History

You have not taken this quiz